All our future : a longitudinal study of secondary education /

Saved in:
Bibliographic Details
Main Author: Douglas, James William Bruce
Other Authors: Ross, J. M. (Jean Mary), Simpson, Howard Russell
Format: Book
Language:English
Published: London : P. Davies, [1968].
Subjects:
LEADER 01022nam a2200277 i 4500
001 c000250819
003 CARM
005 20100728132246.0
008 840313s1968 enk 0 eng d
019 1 |a 23912484 
035 |a (ltul).b1282849x 
040 |a VLU  |c VLU 
082 0 4 |a 373.42 
100 1 |a Douglas, James William Bruce. 
245 1 0 |a All our future :  |b a longitudinal study of secondary education /  |c [by] J.W.B. Douglas, J.M. Ross and H.R. Simpson. 
260 |a London :  |b P. Davies,  |c [1968]. 
300 |a 241 p. :  |b illus. 
500 |a Bibliography: p.230-235. 
650 0 |a Education, Secondary  |z Great Britain. 
650 0 |a Students  |x Economic conditions. 
650 0 |a Home and school. 
700 1 |a Ross, J. M.  |q (Jean Mary) 
700 1 |a Simpson, Howard Russell. 
852 8 |b CARM  |h A1:AP06B0  |i B07242  |p 0364717  |f BK 
999 f f |i 7d06c336-f6c7-56ae-b689-d968df6066b9  |s 297aa3f3-72f3-5982-98e9-1c69da2785e3 
952 f f |p Can circulate  |a CAVAL  |b CAVAL  |c CAVAL  |d CARM 1 Store  |e B07242  |f A1:AP06B0  |h Other scheme  |i book  |m 0364717